【プロ野球】 2026年 広島東洋カープ 応援歌 - Statistics

General Stats
  • This quiz has been taken 7 times
  • The average score is 18 of 22
Answer Stats
応援歌 選手名 % Correct
狙い決めた一打 勝利への矢を放て想い込めた打球 雅の道切り拓け 矢野雅哉
100%
新たな扉を こじ開けて 世代はお前が担え ぶっちぎれ 小園海斗
100%
光り輝く その道を翔け抜けて 魅せろ 〇〇SHOW TIME! 堂林翔太
100%
「アキのチカラ」 見せろ吠えろ放て虹の尾引く打球で 勲章掴むまで 秋山翔吾
100%
今日も会心の一撃 捉えた打球赤い声援背に受け 行こうぜ〇〇 坂倉将吾
100%
始まりの鐘が鳴る 〇〇! 広島伝説 光を追い越して メーター振り切り駆け抜けろ 止まらないぜ 韋駄天!〇〇 菊池涼介
100%
俺らと夢を 共に叶えよう〇〇〇〇 Llevenos a la victoria ファビアン
100%
Fight 〇〇 この場所でLet’s go 〇〇 夢をのせて モンテロ
100%
夢の力を信じて その心で行くぜ〇〇 新たな境地へ 二俣翔一
100%
いざ大空へ翔ばたけ 熱い想い乗せ 勝利へ導く一打 決めろよ〇〇 會澤翼
86%
戦う姿を 今日も魅せてくれ広島に優勝(ゆめ)を 運べ〇〇 石原貴規
86%
沸かせスタンド ジャンボな一打ペナントの遥か先へ ゆけ〇〇 末包昇大
86%
志を繋げ 約束の頂点(ばしょ)へと 輝く果敢な姿 見せろよ〇〇 大盛穂
86%
突き進め 我らを栄光(ひかり)へと導く男の名は そう〇〇〇〇 田村俊介
86%
最高の舞台で 燦然と光る 君は我らのステラ 大志を持ち挑め 佐々木泰
71%
赤い稲妻を 轟かせ 広島揺るがすアーチ 華麗に描け 中村奨成
71%
振らな 何も 始まらないから強気で一か八か フルスイング ピッチャー
71%
海を渡ってやって来た みんなの夢を大きく掴もうぜ 遥かなる空に 助っ人外国人テーマ
57%
〇〇! 〇〇! さあ勝利への道 切り拓け 汎用テーマ
57%
鋭い打球飛ばせ 自慢の俊足見せろ赤い流星のように 走れ〇〇 野間峻祥
43%
未来(あす)へ翔ばたけ お前が今、切り裂く道未知拓け今ここに この思いを乗せて 前川誠太
43%
頂上突撃〇〇! 命燃やせ〇〇!強く高く 跳ねろ若鯉 跳ねろ若鯉
43%
No matching quizzes found
Score Distribution
Percent of People with Each Score
Percentile by Number Answered
Your Score History
You have not taken this quiz